K čomu motivovať svojich podriadených Pracovné podmienky, to nie je len výška platu

Motivácia podriadených v práci. Splnenie tepelných podmienok na pracovisku je zákonnou povinnosťou. Optimálne teploty pre rôzne druhy pracovísk podľa ČSN 06 0201.

Gespeichert in:
Bibliographische Detailangaben
1. Verfasser: Polakovič, Ivan
Format: Buchkapitel
Sprache:Slowakisch
Schlagworte:
Tags: Tag hinzufügen
Keine Tags, Fügen Sie das erste Tag hinzu!

MARC

LEADER 00000naa a2200000 4500
001 r019407
005 20251104124020.9
041 0 |a slo 
044 |a SK 
245 1 0 |a K čomu motivovať svojich podriadených  |b Pracovné podmienky, to nie je len výška platu  |c Ivan Polakovič 
520 |a Motivácia podriadených v práci. Splnenie tepelných podmienok na pracovisku je zákonnou povinnosťou. Optimálne teploty pre rôzne druhy pracovísk podľa ČSN 06 0201. 
610 2 0 |a motivácia pracovná 
610 2 0 |a podmienky pracovné 
610 2 0 |a normy technické 
610 2 0 |a pracovisko 
100 1 |a Polakovič, Ivan